书目信息 |
| 题名: |
香山有味
|
|
| 作者: | 孙幸 著 | |
| 分册: | ||
| 出版信息: | 广州 广东人民出版社 2015 |
|
| 页数: | 216页 | |
| 开本: | 26cm | |
| 丛书名: | ||
| 单 册: | ||
| 中图分类: | I267 , TS971.2(2) | |
| 科图分类: | ||
| 主题词: | 散文集--san wen ji--中国--当代 , 饮食--yin shi--文化--中国 | |
| 电子资源: | ||
| ISBN: | 978-7-218-10254-2 | |
| 000 | 00862nam0 22002651 450 | |
| 001 | 0122100642 | |
| 005 | 20170322100642.0 | |
| 010 | @a978-7-218-10254-2@dCNY43.00 | |
| 100 | @a20151214d2015 em y0chiy50 ea | |
| 101 | 0 | @achi |
| 102 | @aCN@b440000 | |
| 105 | @aa z 000cy | |
| 106 | @ar | |
| 200 | 1 | @a香山有味@9xiang shan you wei@f孙幸著 |
| 210 | @a广州@c广东人民出版社@d2015 | |
| 215 | @a216页@c彩图@d26cm | |
| 300 | @a中山客 | |
| 330 | @a本书以中山传统的特色美食与食材为主线,用散文札记的形式对中山饮食文化的方方面面做了详细的探讨,同时把中山的民风民俗、城乡文化、社会发展等作为背景进行介绍。 | |
| 606 | 0 | @a散文集@9san wen ji@y中国@z当代 |
| 606 | 0 | @a饮食@9yin shi@x文化@y中国 |
| 690 | @aI267@v5 | |
| 690 | @aTS971.2(2)@v5 | |
| 701 | 0 | @a孙幸@9sun xing@c(植物学)@4著 |
| 801 | 0 | @aCN@bTANGWEI@c20170308 |
| 905 | @b0958578-81@dI267@e2088@f4 | |
| 香山有味/孙幸著.-广州:广东人民出版社,2015 |
| 216页:彩图;26cm |
| 中山客 |
| ISBN 978-7-218-10254-2:CNY43.00 |
| 本书以中山传统的特色美食与食材为主线,用散文札记的形式对中山饮食文化的方方面面做了详细的探讨,同时把中山的民风民俗、城乡文化、社会发展等作为背景进行介绍。 |
| ● |
| 相关链接 |
|
|
|
|
正题名:香山有味
索取号:I267/2088
 
预约/预借
| 序号 | 登录号 | 条形码 | 馆藏地/架位号 | 状态 | 备注 |
| 1 | 0958578 | 209585787 | 第一样本阅览室/ [索取号:I267/2088] | 在馆 | |
| 2 | 0958579 | 209585796 | 第二借阅区/ [索取号:I267/2088] | 在馆 | |
| 3 | 0958580 | 209585803 | 第二借阅区/ [索取号:I267/2088] | 在馆 | |
| 4 | 0958581 | 209585812 | 第二借阅区/ [索取号:I267/2088] | 在馆 |